The Duchess of Malfi /

Bibliografske podrobnosti
Glavni avtor: Webster, John, 1580?-1625?
Drugi avtorji: Gibbons, Brian, 1938- (Editor)
Format: Knjiga
Jezik:English
Izdano: London : New York : A. & C. Black ; W.W. Norton, c2001.
Izdaja:Fourth edition
Serija:New mermaids
Teme:
Classic Catalogue: View this record in Classic Catalogue
LEADER 01892nam a2200397 a 4500
001 0012074
003 BD-DhAAL
005 20250727123437.0
008 100103s2001 enko b 000 0 eng d
020 |a 0713650613  
020 |a 0393900916 
040 |a UKM  |c UKM  |d NOC  |d AZS  |d DB-DhAAL 
082 0 0 |a  822.3  |2 21 
100 1 |a Webster, John,  |d 1580?-1625?   |9 5758 
245 1 4 |a The Duchess of Malfi /  |c John Webster ; edited by Brian Gibbons. 
250 |a Fourth edition  |b edited by Brian Gibbons.  
260 |a London :  |b A. & C. Black ;  |a New York :  |b W.W. Norton,  |c c2001. 
300 |a l, 134 pages :  |b photos ;  |c 20 cm 
490 0 |a New mermaids. 
500 |a "First New Mermaid edition 1964"--T.p. verso.  
504 |a Includes bibliographical references.  
541 1 |a Donated By Akbar Ali Khan  |e 0012074, 41285 
600 1 0 |a Webster, John,  |d 1580?-1625?  |t Duchess of Malfi  |9 5759 
650 |a Siblings  |v Drama.  |9 58865 
650 |a Revenge  |v Drama.  |9 6235 
650 |a Nobility  |z Italy  |2 Drama.  |x Drama.  |9 58866 
650 |a Married women  |v Drama.  |9 58867 
651 |a Italy  |v Drama. 
700 1 |a Gibbons, Brian,  |d 1938-   |e editor.  |9 5760 
830 |a New mermaids  |9 58870 
852 4 |a Ayesha Abed Library  |c General Stacks 
942 |2 ddc  |c BK 
999 |c 7269  |d 7269 
952 |0 0  |1 0  |2 ddc  |4 0  |6 822_300000000000000_WEB  |7 0  |9 7620  |a BRACUL  |b BRACUL  |c GEN  |d 2023-05-28  |e Donated by Akbar Ali Khan  |g 80.00  |l 10  |m 50  |o 822.3 WEB  |p 3010041285  |r 2024-11-07  |s 2024-11-04  |t 3  |y BK  |x Donated by Akbar Ali Khan 
952 |0 0  |1 0  |2 ddc  |4 0  |6 822_300000000000000_WEB  |7 0  |9 43886  |a BRACUL  |b BRACUL  |c GEN  |d 2014-10-21  |e Friends book corner  |g 125.00  |l 4  |m 22  |o 822.3 WEB  |p 3010028466  |r 2026-04-26  |s 2026-04-20  |t 2  |w 2014-10-21  |y BK  |x Transferred from BIL to BRACUL on 06/06/22 
952 |0 0  |1 0  |2 ddc  |4 0  |6 822_300000000000000_WEB  |7 0  |9 77915  |a BRACUL  |b BRACUL  |c GEN  |d 2025-07-27  |l 0  |o  822.3 WEB  |p 3010012074  |r 2025-07-27  |t 1  |w 2025-07-27  |y BK  |x £4.99